000 00675nam a2200205Ia 4500
005 20260601193250.0
008 260601s9999||||xx |||||||||||||| ||und||
020 _a978-3-031-65175-5
_qebk
100 _aNikolaos Pitropakis
245 0 _aICT Systems Security and Privacy Protection
250 _a2024
260 _aHeidelberg, Germany
_bSpringer Nature
_c2024
440 _aIFIP Advances in Information and Communication Technology
650 _aComputer Science
700 _aKonstantinos Markantonakis
700 _aSokratis Katsikas
700 _aSteven Furnell
856 _uhttps://link.springer.com/openurl?genre=book&isbn=978-3-031-65175-5
942 _cEB
_2ddc
999 _c56694
_d56694